000 00560nam a2200205 a 4500
999 _c4480
_d4480
001 4480
003 BD-JhCC
005 20171127195032.0
008 171127s1981 bg ||||| |||| 00| 0 ben d
035 _a(BD-JhCC)4480
040 _aBD-JhCC
_dBD-JhCC
041 _aben
082 _a891.4415
_bKAM 1981
100 _aকামাল, সুফিয়া
245 _aনওল কিশোরের দরবারে /
_c সুফিয়া কামাল
300 _a12 p. :
_bill;
_c22 cm.
650 _aPoem
942 _2ddc
_cBK